Jaime Gil (Record no. 12141)

MARC details
000 - LÍDER
campo de control de longitud fija 00963nam a2200229Ia 4500
008 - ELEMENTOS DE DATOS DE LONGITUD FIJA - INFORMACIÓN GENERAL
campo de control de longitud fija 0000002007 usad 0000000000mul00
090 ## - NÚMERO DE LLAMADA DE TIPO LC LOCALMENTE ASIGNADO (OCLC)
Número de clasificación (OCLC) (R) PUS00 J12j
245 10 - TÍTULO DECLARACIÓN
Título Jaime Gil
Resto del título : prime matter
260 ## - PUBLICACIÓN, DISTRIBUCIÓN
Lugar de publicación Miami : Art Vision Gallery
Fecha de publicación 2007
300 ## - DESCRIPCIÓN FÍSICA
Alcance [40] p.
Dimensiones / 20 cm.
500 ## - NOTA GENERAL
Nota general Exposición realizada en Art Vision Gallery, Miami, 2007 / Texto bilingue: español e inglés \ Incluye cronología del artista \ Proyecto Ganador Programa Apoyos Concertados FGAA 2010
501 ## - Con nota
Con nota Prime matter por Jaime Gil = Prime matter by Jaime Gil / José W. Pérez
600 00 - ENTRADA DE SUJETO AÑADIDO - NOMBRE PERSONAL
Nombre de la persona GIL LAFFAN, JAIME, 1962/
Subdivisión general TRABAJOS PICTORICOS
650 14 - ENTRADA DE SUJETO AÑADIDO - TÉRMINO TÓPICO
Término tópico o elemento de entrada del nombre geográfico PINTURA ESTADOUNIDENSE
650 14 - ENTRADA DE SUJETO AÑADIDO - TÉRMINO TÓPICO
Término tópico o elemento de entrada del nombre geográfico ARTE ABSTRACTO ESTADOUNIDENSE EXPOSICONES
650 14 - ENTRADA DE SUJETO AÑADIDO - TÉRMINO TÓPICO
Término tópico o elemento de entrada del nombre geográfico ARTISTAS PLASTICOS ESTADOUNIDENSES
650 14 - ENTRADA DE SUJETO AÑADIDO - TÉRMINO TÓPICO
Subdivisión general CATALOGOS
650 14 - ENTRADA DE SUJETO AÑADIDO - TÉRMINO TÓPICO
Subdivisión general EXPOSICIONES
650 14 - ENTRADA DE SUJETO AÑADIDO - TÉRMINO TÓPICO
Término tópico o elemento de entrada del nombre geográfico PINTURA ABSTRACTA ESTADOUNIDENSE
650 14 - ENTRADA DE SUJETO AÑADIDO - TÉRMINO TÓPICO
Término tópico o elemento de entrada del nombre geográfico PINTURA Y ARQUITECTURA
700 1# - ENTRADA AGREGADA - NOMBRE PERSONAL
Nombre de la persona I. Pérez, José W.
Holdings
Estado de retirada Pérdida de estatus Estado dañado No para préstamo Código de recogida Ubicación permanente Ubicación actual Ubicación de las estanterías Fecha de adquisición Número de llamada completo Código de barras Fecha de la última vez que se vio Número de copia Precio efectivo desde Tipo de artículo Koha
        General ArtNexus ArtNexus General 06/09/2022 P-US-00 J12J 12264 06/09/2022 Ej.1 06/09/2022 Libro

Powered by Koha